Vista normal Vista MARC

Entrada Materia (personas)

Número de registros utilizados en: 1

001 - CONTROL NUMBER

  • control field: 43164

003 - CONTROL NUMBER IDENTIFIER

  • control field: Co-BoUCM

005 - DATE AND TIME OF LATEST TRANSACTION

  • control field: 20130816193511.0

008 - FIXED-LENGTH DATA ELEMENTS

  • fixed length control field: 130816|| aca||aabn | a|a d

040 ## - CATALOGING SOURCE

  • Original cataloging agency: Co-BoUCM
  • Transcribing agency: Co-BoUCM

100 ## - HEADING--PERSONAL NAME

  • Personal name: Ares Fondevila, Suso
  • Relator term: traductor

670 ## - SOURCE DATA FOUND

  • Source citation: Work cat.: (Co-BoUCM)171437: Monbourquette, Jean 42335, Reconciliarse con la propia sombra, 1999